000
00285nam a2200109Ia 4500
008
210107s9999 xx 000 0 und d
100
_a
ISO
245
0
_a
Guidelines for quality and/ or Environmental Management Systems Auditing
260
_a
Geneva
_b
ISO
300
_a
135
942
_c
BK
999
_c
10886
_d
10886